[Event "Nordic Chess-ch 2019"]
[Site "Sarpsborg"]
[Date "2019.06.22"]
[Round "3.31"]
[White "Dogani, Avduraim"]
[Black "Holst, Conny"]
[Result "1-0"]
[WhiteElo "2107"]
[BlackElo "2197"]
[Annotator "ChessBase"]
[PlyCount "97"]
[EventDate "2019.06.21"]
[EventType "swiss"]
[EventCountry "NOR"]
[SourceTitle "playchess.com"]
[Source "ChessBase"]
[SourceQuality "1"]
[TimeControl "40/5400+30:1800+30"]

1. e4 {[%emt 0:00:32]} c5 {[%emt 0:00:00]} 2. Nf3 {[%emt 0:00:19]} d6 {[%emt 0:00:03]} 3. d4 {[%emt 0:00:26]} cxd4 {[%emt 0:00:08]} 4. Nxd4 {[%emt 0:00:06]} Nf6 {[%emt 0:00:08]} 5. Nc3 {[%emt 0:00:54]} Nc6 {[%emt 0:01:21]} 6. Be2 {[%emt 0:02:25]} g6 {[%emt 0:01:24]} 7. Be3 {[%emt 0:01:49]} Bg7 {[%emt 0:01:01]} 8. Qd2 {[%emt 0:00:36]} O-O {[%emt 0:06:13]} 9. h3 {[%emt 0:06:41]} d5 {[%emt 0:08:19]} 10. exd5 {[%emt 0:01:24]} Nxd5 {[%emt 0:04:18]} 11. Nxd5 {[%emt 0:00:17]} Nxd4 {[%emt 0:11:26]} 12. c4 {[%emt 0:08:20]} Nxe2 {[%emt 0:02:12]} 13. Qxe2 {[%emt 0:01:08]} e6 {[%emt 0:04:49]} 14. Nc3 {[%emt 0:00:56]} Qe7 {[%emt 0:12:36]} 15. O-O {[%emt 0:01:01]} b6 {[%emt 0:01:40]} 16. Rfd1 {[%emt 0:01:24]} Bb7 {[%emt 0:01:01]} 17. Rd2 {[%emt 0:05:00]} Rac8 {[%emt 0:08:42]} 18. Nb5 {[%emt 0:04:58]} Bc6 {[%emt 0:01:30]} 19. Nd4 {[%emt 0:01:40]} Bb7 {[%emt 0:04:33]} 20. Rad1 {[%emt 0:00:55]} Rfd8 {[%emt 0:02:48]} 21. b3 {[%emt 0:03:06]} h6 {[%emt 0:01:57]} 22. Nb5 {[%emt 0:00:32]} Ra8 {[%emt 0:10:20]} 23. Rxd8+ {[%emt 0:03:00]} Rxd8 {[%emt 0:00:09]} 24. Rxd8+ {[%emt 0:00:28]} Qxd8 {[%emt 0:00:08]} 25. Nxa7 {[%emt 0:01:04]} Qa8 {[%emt 0:03:06]} 26. Bxb6 {[%emt 0:02:19]} Bxg2 {[%emt 0:00:08]} 27. Qd3 {[%emt 0:06:34]} Bf6 {[%emt 0:03:25]} 28. c5 {[%emt 0:07:48]} Bh1 {[%emt 0:04:00]} 29. c6 {[%emt 0:00:34]} Bxc6 {[%emt 0:00:14]} 30. Nxc6 {[%emt 0:02:13]} Qxc6 {[%emt 0:00:07]} 31. Be3 {[%emt 0:00:22]} Qf3 {[%emt 0:01:32]} 32. Qf1 {[%emt 0:00:33]} g5 {[%emt 0:01:45]} 33. a4 {[%emt 0:02:18]} h5 {[%emt 0:01:38]} 34. Qg2 {[%emt 0:05:24]} Qd1+ {[%emt 0:00:13]} 35. Kh2 {[%emt 0:00:48]} Qxb3 {[%emt 0:01:24]} 36. Bxg5 {[%emt 0:01:24]} Bxg5 {[%emt 0:00:07]} 37. Qxg5+ {[%emt 0:00:13]} Kf8 {[%emt 0:00:40]} 38. Qc5+ {[%emt 0:00:18]} Kg8 {[%emt 0:01:04]} 39. a5 {[%emt 0:00:56]} Qb8+ {[%emt 0:00:49]} 40. Kg2 {[%emt 0:00:10]} Qb7+ {[%emt 0:00:42]} 41. Kg3 {[%emt 0:30:46]} Qb8+ {[%emt 0:08:06]} 42. Kf3 {[%emt 0:00:00]} Qb3+ {[%emt 0:01:53]} 43. Kg2 {[%emt 0:00:00]} Qb7+ {[%emt 0:00:06]} 44. Kg3 {[%emt 0:00:00]} Qb8+ {[%emt 0:00:11]} 45. f4 {[%emt 0:00:00]} Qb1 {[%emt 0:11:28]} 46. Kh4 {[%emt 0:00:00]} Qe1+ {[%emt 0:00:37]} 47. Kxh5 {[%emt 0:00:00]} Qe2+ {[%emt 0:00:16]} 48. Kh6 {[%emt 0:00:00]} f5 {[%emt 0:01:56]} 49. Qe7 {[%emt 0:00:00]} 1-0

[Event "Nordic Chess-ch 2019"]
[Site "Sarpsborg"]
[Date "2019.06.22"]
[Round "3.32"]
[White "Ulrichsen, Jarl H"]
[Black "Hauge, Tor Arne"]
[Result "1-0"]
[WhiteElo "2180"]
[BlackElo "2022"]
[Annotator "ChessBase"]
[PlyCount "138"]
[EventDate "2019.06.21"]
[EventType "swiss"]
[EventCountry "NOR"]
[SourceTitle "playchess.com"]
[Source "ChessBase"]
[SourceQuality "1"]
[TimeControl "40/5400+30:1800+30"]

1. d4 {[%emt 0:00:08]} Nf6 {[%emt 0:00:00]} 2. Nf3 {[%emt 0:00:32]} g6 {[%emt 0:00:07]} 3. Bg5 {[%emt 0:03:48]} Bg7 {[%emt 0:00:43]} 4. e3 {[%emt 0:02:20]} O-O {[%emt 0:04:01]} 5. Bd3 {[%emt 0:03:28]} c5 {[%emt 0:04:15]} 6. c3 {[%emt 0:02:06]} cxd4 {[%emt 0:00:40]} 7. exd4 {[%emt 0:02:02]} Qb6 {[%emt 0:11:17]} 8. Qb3 {[%emt 0:05:33]} Qxb3 {[%emt 0:00:26]} 9. axb3 {[%emt 0:00:07]} d5 {[%emt 0:01:11]} 10. Nbd2 {[%emt 0:03:10]} h6 {[%emt 0:06:49]} 11. Bf4 {[%emt 0:14:52]} Nc6 {[%emt 0:07:30]} 12. h3 {[%emt 0:07:35]} g5 {[%emt 0:07:31]} 13. Bh2 {[%emt 0:06:11]} g4 {[%emt 0:07:03]} 14. hxg4 {[%emt 0:12:38]} Nxg4 {[%emt 0:00:31]} 15. b4 {[%emt 0:03:22]} e5 {[%emt 0:22:34]} 16. dxe5 {[%emt 0:01:19]} Ncxe5 {[%emt 0:04:08]} 17. Nxe5 {[%emt 0:07:52]} Bxe5 {[%emt 0:00:57]} 18. Bxe5 {[%emt 0:00:37]} Nxe5 {[%emt 0:00:36]} 19. Bc2 {[%emt 0:03:02]} Re8 {[%emt 0:02:16]} 20. O-O {[%emt 0:02:29]} Nc4 {[%emt 0:01:55]} 21. Nxc4 {[%emt 0:00:42]} dxc4 {[%emt 0:00:05]} 22. Rfe1 {[%emt 0:01:55]} Rxe1+ {[%emt 0:03:01]} 23. Rxe1 {[%emt 0:00:07]} Be6 {[%emt 0:00:49]} 24. f3 {[%emt 0:02:29]} a5 {[%emt 0:02:24]} 25. Ra1 {[%emt 0:05:45]} b6 {[%emt 0:00:11]} 26. Be4 {[%emt 0:00:10]} Rb8 {[%emt 0:01:51]} 27. Kf2 {[%emt 0:01:11]} axb4 {[%emt 0:00:42]} 28. cxb4 {[%emt 0:00:07]} Kg7 {[%emt 0:01:41]} 29. Ra8 {[%emt 0:03:45]} Rxa8 {[%emt 0:00:08]} 30. Bxa8 {[%emt 0:05:38]} Kf6 {[%emt 0:00:26]} 31. Ke3 {[%emt 0:00:00]} Ke5 {[%emt 0:00:15]} 32. f4+ {[%emt 0:00:00]} Kd6 {[%emt 0:00:14]} 33. Kd4 {[%emt 0:00:00]} b5 {[%emt 0:00:32]} 34. Bf3 {[%emt 0:00:00]} f5 {[%emt 0:00:28]} 35. Bh5 {[%emt 0:00:00]} Bd7 {[%emt 0:01:41]} 36. g3 {[%emt 0:00:00]} Bc6 {[%emt 0:02:43]} 37. Bf7 {[%emt 0:00:30]} Bb7 {[%emt 0:01:21]} 38. Bg6 {[%emt 0:00:13]} Bc8 {[%emt 0:00:06]} 39. Be8 {[%emt 0:00:06]} Ba6 {[%emt 0:00:07]} 40. Bf7 {[%emt 0:01:38]} Bb7 {[%emt 0:00:10]} 41. Bg6 {[%emt 0:30:26]} Bc8 {[%emt 0:30:11]} 42. Bh5 {[%emt 0:00:52]} Bd7 {[%emt 0:04:44]} 43. Bf7 {[%emt 0:00:00]} Bc6 {[%emt 0:00:00]} 44. Bg8 {[%emt 0:00:00]} Bb7 {[%emt 0:00:00]} 45. b3 {[%emt 0:00:00]} cxb3 {[%emt 0:00:00]} 46. Bxb3 {[%emt 0:00:00]} Bc6 {[%emt 0:00:00]} 47. Bc2 {[%emt 0:00:00]} Bd7 {[%emt 0:00:00]} 48. Bd3 {[%emt 0:00:00]} Be8 {[%emt 0:00:00]} 49. Bxf5 {[%emt 0:00:00]} Bf7 {[%emt 0:00:00]} 50. Bd3 {[%emt 0:00:00]} Be8 {[%emt 0:00:00]} 51. Be2 {[%emt 0:00:00]} Bd7 {[%emt 0:00:00]} 52. Bh5 {[%emt 0:00:00]} Bh3 {[%emt 0:00:00]} 53. Bf7 {[%emt 0:00:00]} Bd7 {[%emt 0:00:00]} 54. Bh5 {[%emt 0:00:00]} Bh3 {[%emt 0:00:00]} 55. Be2 {[%emt 0:00:00]} Bd7 {[%emt 0:00:00]} 56. Ke4 {[%emt 0:00:00]} Be8 {[%emt 0:00:00]} 57. g4 {[%emt 0:00:00]} Bd7 {[%emt 0:00:00]} 58. f5 {[%emt 0:05:15]} Be8 {[%emt 0:00:00]} 59. Kd4 {[%emt 0:00:30]} Bd7 {[%emt 0:00:40]} 60. Bd1 {[%emt 0:00:13]} Bc6 {[%emt 0:00:51]} 61. Be2 {[%emt 0:00:40]} Bd7 {[%emt 0:00:13]} 62. Bf3 {[%emt 0:00:04]} Be8 {[%emt 0:00:26]} 63. Ke4 {[%emt 0:03:02]} Bc6+ {[%emt 0:00:47]} 64. Kf4 {[%emt 0:00:06]} Be8 {[%emt 0:00:25]} 65. g5 {[%emt 0:00:42]} hxg5+ {[%emt 0:00:34]} 66. Kxg5 {[%emt 0:00:04]} Ke5 {[%emt 0:01:27]} 67. f6 {[%emt 0:00:25]} Bf7 {[%emt 0:02:05]} 68. Be2 {[%emt 0:00:14]} Be8 {[%emt 0:02:43]} 69. Bxb5 {[%emt 0:00:13]} Bf7 {[%emt 0:05:59]} 1-0

[Event "Nordic Chess-ch 2019"]
[Site "Sarpsborg"]
[Date "2019.06.22"]
[Round "3.33"]
[White "Eriksson, Kristian"]
[Black "Andersen, Odd"]
[Result "1-0"]
[WhiteElo "2111"]
[BlackElo "1751"]
[Annotator "ChessBase"]
[PlyCount "60"]
[EventDate "2019.06.21"]
[EventType "swiss"]
[EventCountry "NOR"]
[SourceTitle "playchess.com"]
[Source "ChessBase"]
[SourceQuality "1"]
[TimeControl "40/5400+30:1800+30"]

1. e4 {[%emt 0:00:00]} c6 {[%emt 0:00:00]} 2. d4 {[%emt 0:00:00]} d5 {[%emt 0:00:00]} 3. Nc3 {[%emt 0:00:13]} dxe4 {[%emt 0:00:00]} 4. Nxe4 {[%emt 0:00:07]} Nf6 {[%emt 0:00:00]} 5. Nxf6+ {[%emt 0:00:44]} exf6 {[%emt 0:00:04]} 6. Nf3 {[%emt 0:00:57]} Bd6 {[%emt 0:00:17]} 7. Bd3 {[%emt 0:05:34]} O-O {[%emt 0:00:34]} 8. O-O {[%emt 0:01:44]} Re8 {[%emt 0:00:08]} 9. h3 {[%emt 0:03:06]} Nd7 {[%emt 0:01:17]} 10. c3 {[%emt 0:04:43]} Nf8 {[%emt 0:00:52]} 11. Be3 {[%emt 0:02:01]} Be6 {[%emt 0:00:30]} 12. Re1 {[%emt 0:10:34]} Qd7 {[%emt 0:01:15]} 13. Nd2 {[%emt 0:11:57]} Rad8 {[%emt 0:09:54]} 14. Qf3 {[%emt 0:04:45]} g6 {[%emt 0:03:41]} 15. Qxf6 {[%emt 0:02:04]} Be7 {[%emt 0:00:37]} 16. Qf3 {[%emt 0:05:26]} Bd5 {[%emt 0:00:26]} 17. Be4 {[%emt 0:01:43]} Be6 {[%emt 0:03:01]} 18. b3 {[%emt 0:03:23]} f5 {[%emt 0:00:50]} 19. Bd3 {[%emt 0:00:28]} Bd5 {[%emt 0:01:15]} 20. Bc4 {[%emt 0:01:32]} Bxc4 {[%emt 0:04:58]} 21. Nxc4 {[%emt 0:00:34]} Bf6 {[%emt 0:02:34]} 22. Bf4 {[%emt 0:02:11]} Rxe1+ {[%emt 0:11:48]} 23. Rxe1 {[%emt 0:00:37]} Re8 {[%emt 0:00:20]} 24. Rxe8 {[%emt 0:03:10]} Qxe8 {[%emt 0:00:03]} 25. Be5 {[%emt 0:01:53]} Nd7 {[%emt 0:02:37]} 26. Bxf6 {[%emt 0:03:30]} Nxf6 {[%emt 0:00:03]} 27. Qe3 {[%emt 0:02:25]} Qd7 {[%emt 0:03:50]} 28. Ne5 {[%emt 0:03:03]} Qd6 {[%emt 0:02:28]} 29. g4 {[%emt 0:07:46]} Nxg4 {[%emt 0:04:32]} 30. hxg4 {[%emt 0:00:37]} fxg4 {[%emt 0:47:06]} 1-0

[Event "Nordic Chess-ch 2019"]
[Site "Sarpsborg"]
[Date "2019.06.22"]
[Round "3.34"]
[White "Rukovci, Shemsi"]
[Black "Store, Trond"]
[Result "0-1"]
[WhiteElo "1907"]
[BlackElo "2100"]
[Annotator "ChessBase"]
[PlyCount "117"]
[EventDate "2019.06.21"]
[EventType "swiss"]
[EventCountry "NOR"]
[SourceTitle "playchess.com"]
[Source "ChessBase"]
[SourceQuality "1"]
[TimeControl "40/5400+30:1800+30"]

1. e4 {[%emt 0:00:53]} c5 {[%emt 0:00:00]} 2. Nf3 {[%emt 0:00:12]} d6 {[%emt 0:00:00]} 3. Bb5+ {[%emt 0:00:16]} Nd7 {[%emt 0:00:00]} 4. a4 {[%emt 0:05:34]} a6 {[%emt 0:03:05]} 5. Bc4 {[%emt 0:00:15]} e6 {[%emt 0:01:44]} 6. Nc3 {[%emt 0:01:37]} Ngf6 {[%emt 0:00:24]} 7. d3 {[%emt 0:01:50]} Be7 {[%emt 0:00:27]} 8. Qe2 {[%emt 0:02:17]} Ne5 {[%emt 0:11:10]} 9. Bb3 {[%emt 0:06:29]} Bd7 {[%emt 0:07:06]} 10. Nxe5 {[%emt 0:02:54]} dxe5 {[%emt 0:00:03]} 11. a5 {[%emt 0:00:27]} Bc6 {[%emt 0:10:12]} 12. Bd2 {[%emt 0:02:18]} Nd7 {[%emt 0:02:40]} 13. Qg4 {[%emt 0:03:58]} Bf6 {[%emt 0:06:45]} 14. h4 {[%emt 0:10:00]} h5 {[%emt 0:02:39]} 15. Qg3 {[%emt 0:03:22]} Rc8 {[%emt 0:03:54]} 16. Nd1 {[%emt 0:04:54]} Nf8 {[%emt 0:10:25]} 17. Ne3 {[%emt 0:06:48]} Bb5 {[%emt 0:02:50]} 18. Nc4 {[%emt 0:13:18]} Bxc4 {[%emt 0:00:27]} 19. Bxc4 {[%emt 0:00:22]} Qe7 {[%emt 0:05:46]} 20. Rb1 {[%emt 0:06:03]} Ng6 {[%emt 0:02:10]} 21. b4 {[%emt 0:02:57]} Bxh4 {[%emt 0:00:42]} 22. Qf3 {[%emt 0:01:10]} cxb4 {[%emt 0:00:49]} 23. Bxb4 {[%emt 0:00:53]} Qc7 {[%emt 0:00:17]} 24. Bd2 {[%emt 0:02:24]} Bf6 {[%emt 0:09:31]} 25. Rxh5 {[%emt 0:04:57]} Rxh5 {[%emt 0:00:05]} 26. Qxh5 {[%emt 0:00:41]} Kd7 {[%emt 0:00:24]} 27. Rb6 {[%emt 0:00:53]} Re8 {[%emt 0:05:12]} 28. Bb4 {[%emt 0:00:51]} Be7 {[%emt 0:10:09]} 29. c3 {[%emt 0:08:42]} Bxb4 {[%emt 0:02:09]} 30. cxb4 {[%emt 0:00:41]} Ke7 {[%emt 0:00:57]} 31. g3 {[%emt 0:04:02]} Kf6 {[%emt 0:00:24]} 32. Qf3+ {[%emt 0:00:48]} Ke7 {[%emt 0:00:09]} 33. Qe3 {[%emt 0:00:52]} Rc8 {[%emt 0:01:38]} 34. Qg5+ {[%emt 0:01:25]} Kf8 {[%emt 0:01:10]} 35. Qh5 {[%emt 0:00:40]} Rd8 {[%emt 0:00:56]} 36. Kf1 {[%emt 0:01:06]} Rd6 {[%emt 0:00:09]} 37. Rxd6 {[%emt 0:00:47]} Qxd6 {[%emt 0:00:02]} 38. Qg5 {[%emt 0:00:00]} Ne7 {[%emt 0:00:54]} 39. Qd2 {[%emt 0:00:16]} Nc6 {[%emt 0:00:20]} 40. b5 {[%emt 0:00:19]} axb5 {[%emt 0:00:39]} 41. Bxb5 {[%emt 0:30:29]} Qb4 {[%emt 0:04:21]} 42. Qxb4+ {[%emt 0:00:00]} Nxb4 {[%emt 0:00:02]} 43. Ke2 {[%emt 0:00:00]} Ke7 {[%emt 0:00:05]} 44. Kd2 {[%emt 0:00:00]} Kd6 {[%emt 0:02:24]} 45. Kc3 {[%emt 0:00:00]} Kc5 {[%emt 0:00:05]} 46. Be8 {[%emt 0:00:00]} f6 {[%emt 0:00:05]} 47. Bd7 {[%emt 0:00:00]} Nc6 {[%emt 0:01:02]} 48. Bxe6 {[%emt 0:00:00]} Nxa5 {[%emt 0:00:04]} 49. f4 {[%emt 0:00:00]} b5 {[%emt 0:00:14]} 50. Bd5 {[%emt 0:00:00]} b4+ {[%emt 0:00:44]} 51. Kd2 {[%emt 0:00:00]} Nc6 {[%emt 0:04:04]} 52. Ke3 {[%emt 0:00:00]} Nd4 {[%emt 0:01:27]} 53. g4 {[%emt 0:01:10]} b3 {[%emt 0:06:17]} 54. g5 {[%emt 0:01:56]} Kb4 {[%emt 0:01:54]} 55. gxf6 {[%emt 0:02:31]} gxf6 {[%emt 0:00:02]} 56. f5 {[%emt 0:01:17]} Ka3 {[%emt 0:01:06]} 57. Bxb3 {[%emt 0:00:36]} Kxb3 {[%emt 0:00:11]} 58. Kf2 {[%emt 0:00:23]} Kc3 {[%emt 0:00:14]} 59. Kg3 {[%emt 0:00:00]} 0-1

[Event "Nordic Chess-ch 2019"]
[Site "Sarpsborg"]
[Date "2019.06.22"]
[Round "3.35"]
[White "Andersen, Dag"]
[Black "Mirza, Raad"]
[Result "1/2-1/2"]
[WhiteElo "1817"]
[BlackElo "1991"]
[Annotator "NA"]
[PlyCount "141"]
[EventDate "2019.06.21"]
[EventType "swiss"]
[EventCountry "NOR"]
[SourceTitle "playchess.com"]
[Source "ChessBase"]
[SourceQuality "1"]
[TimeControl "40/5400+30:1800+30"]

1. d4 {[%emt 0:00:18]} Nf6 {[%emt 0:00:00]} 2. Nf3 {[%emt 0:00:21]} d5 {[%emt 0:00:00]} 3. c4 {[%emt 0:02:40]} c6 {[%emt 0:05:09]} 4. e3 {[%emt 0:00:59]} e6 {[%emt 0:04:50]} 5. Nc3 {[%emt 0:00:12]} Bd6 {[%emt 0:01:09]} 6. Bd3 {[%emt 0:04:52]} Nbd7 {[%emt 0:01:13]} 7. O-O {[%emt 0:00:33]} O-O {[%emt 0:01:04]} 8. b3 {[%emt 0:01:42]} e5 {[%emt 0:05:36]} 9. dxe5 {[%emt 0:03:44]} Nxe5 {[%emt 0:00:49]} 10. Be2 {[%emt 0:06:28]} dxc4 {[%emt 0:02:12]} 11. bxc4 {[%emt 0:00:36]} Be6 {[%emt 0:04:27]} 12. Qa4 {[%emt 0:08:58]} Qc7 {[%emt 0:01:03]} 13. h3 {[%emt 0:04:03]} Rfd8 {[%emt 0:07:53]} 14. Nd4 {[%emt 0:02:42]} Qe7 {[%emt 0:08:51]} 15. Nxe6 {[%emt 0:02:34]} Qxe6 {[%emt 0:00:37]} 16. Rb1 {[%emt 0:09:19]} Ned7 {[%emt 0:03:06]} 17. Qc2 {[%emt 0:05:35]} Rab8 {[%emt 0:02:09]} 18. e4 {[%emt 0:03:30]} Re8 {[%emt 0:06:51]} 19. Bd3 {[%emt 0:06:57]} Ne5 {[%emt 0:05:30]} 20. Be3 {[%emt 0:04:47]} b6 {[%emt 0:01:10]} 21. Rbd1 {[%emt 0:03:33]} Rbd8 {[%emt 0:01:52]} 22. c5 {[%emt 0:10:07]} bxc5 {[%emt 0:04:08]} 23. Be2 {[%emt 0:01:33]} Ned7 {[%emt 0:08:25]} 24. Bg5 {[%emt 0:01:55]} h6 {[%emt 0:01:00]} 25. Bxf6 {[%emt 0:04:12]} Nxf6 {[%emt 0:01:01]} 26. Bf3 {[%emt 0:03:06]} Qe5 {[%emt 0:00:36]} 27. g3 {[%emt 0:00:13]} Nh7 {[%emt 0:03:31]} 28. Bg2 {[%emt 0:00:46]} Be7 {[%emt 0:08:43]} 29. f4 {[%emt 0:00:34]} Qe6 {[%emt 0:00:24]} 30. e5 {[%emt 0:00:40]} Rd4 {[%emt 0:02:08]} 31. Rxd4 {[%emt 0:02:04]} cxd4 {[%emt 0:00:07]} 32. Ne4 {[%emt 0:01:08]} Rc8 {[%emt 0:01:09]} 33. Rb1 {[%emt 0:00:38]} Bd8 {[%emt 0:00:53]} 34. Nd6 {[%emt 0:00:25]} Bb6 {[%emt 0:01:10]} 35. Rxb6 {[%emt 0:01:41]} axb6 {[%emt 0:00:04]} 36. Nxc8 {[%emt 0:00:10]} Qxc8 {[%emt 0:00:11]} 37. Qxc6 {[%emt 0:00:17]} Qxc6 {[%emt 0:00:42]} 38. Bxc6 {[%emt 0:00:02]} g6 {[%emt 0:02:39]} 39. Kf2 {[%emt 0:00:09]} Kf8 {[%emt 0:00:04]} 40. Ke2 {[%emt 0:00:14]} Ke7 {[%emt 0:00:16]} 41. Kd3 {[%emt 0:30:41]} Nf8 {[%emt 0:34:09]} 42. Kxd4 {[%emt 0:02:32]} Ne6+ {[%emt 0:00:03]} 43. Kc4 {[%emt 0:00:29]} Nc7 {[%emt 0:00:08]} 44. a4 {[%emt 0:01:02]} Ke6 {[%emt 0:01:21]} 45. Be4 {[%emt 0:00:44]} g5 {[%emt 0:01:33]} 46. Kd4 {[%emt 0:00:47]} f6 {[%emt 0:00:00]} 47. f5+ {[%emt 0:00:00]} Ke7 {[%emt 0:00:00]} 48. e6 {[%emt 0:00:00]} Kd6 {[%emt 0:00:00]} 49. Bf3 {[%emt 0:00:00]} Ne8 {[%emt 0:00:00]} 50. g4 {[%emt 0:00:00]} Nc7 {[%emt 0:00:00]} 51. Kc4 {[%emt 0:00:00]} Ke7 {[%emt 0:00:00]} 52. Bb7 {[%emt 0:00:00]} Kd6 {[%emt 0:00:00]} 53. Be4 {[%emt 0:00:00]} Ke7 {[%emt 0:00:00]} 54. Bc6 {[%emt 0:00:00]} Kd6 {[%emt 0:00:00]} 55. Bf3 {[%emt 0:00:00]} Ke7 {[%emt 0:00:00]} 56. Kb4 {[%emt 0:00:00]} Kd6 {[%emt 0:00:00]} 57. a5 {[%emt 0:00:00]} bxa5+ {[%emt 0:00:00]} 58. Kxa5 {[%emt 0:00:00]} Ne8 {[%emt 0:00:00]} 59. Kb6 {[%emt 0:00:00]} Ke7 {[%emt 0:00:00]} 60. Kc6 {[%emt 0:00:00]} Nd6 {[%emt 0:00:00]} 61. Bd5 {[%emt 0:00:00]} Ne8 {[%emt 0:00:00]} 62. Kc5 {[%emt 0:00:00]} Nd6 {[%emt 0:00:00]} 63. Bc6 {[%emt 0:00:00]} Nc8 {[%emt 0:00:00]} 64. Bd7 {[%emt 0:00:00]} Nd6 {[%emt 0:00:00]} 65. Kd5 {[%emt 0:00:00]} Nb7 {[%emt 0:00:00]} 66. Ba4 {[%emt 0:00:00]} Nd6 {[%emt 0:00:24]} 67. Bc2 {[%emt 0:00:00]} Nb5 {[%emt 0:02:12]} 68. Bd3 {[%emt 0:00:06]} Nd6 {[%emt 0:01:09]} 69. Kc6 {[%emt 0:00:10]} Ne8 {[%emt 0:00:24]} 70. Bc2 {[%emt 0:01:03]} Nd6 {[%emt 0:00:09]} 71. Bd3 {[%emt 0:00:25]} 1/2-1/2

[Event "Nordic Chess-ch 2019"]
[Site "Sarpsborg"]
[Date "2019.06.22"]
[Round "3.36"]
[White "Skogheim, Ole Morten"]
[Black "Sather, Lars"]
[Result "1-0"]
[WhiteElo "1950"]
[BlackElo "1730"]
[Annotator "NA"]
[PlyCount "79"]
[EventDate "2019.06.21"]
[EventType "swiss"]
[EventCountry "NOR"]
[SourceTitle "playchess.com"]
[Source "ChessBase"]
[SourceQuality "1"]
[TimeControl "40/5400+30:1800+30"]

1. e4 {[%emt 0:00:00]} e6 {[%emt 0:00:00]} 2. d4 {[%emt 0:00:00]} c5 {[%emt 0:00:00]} 3. Nf3 {[%emt 0:03:05]} cxd4 {[%emt 0:00:00]} 4. Nxd4 {[%emt 0:00:05]} a6 {[%emt 0:00:07]} 5. c4 {[%emt 0:00:29]} Bc5 {[%emt 0:04:10]} 6. Nb3 {[%emt 0:03:06]} Ba7 {[%emt 0:00:20]} 7. Nc3 {[%emt 0:02:22]} Nc6 {[%emt 0:01:25]} 8. Qe2 {[%emt 0:11:52]} Nge7 {[%emt 0:02:17]} 9. Be3 {[%emt 0:03:01]} O-O {[%emt 0:00:36]} 10. Bxa7 {[%emt 0:02:48]} Nxa7 {[%emt 0:00:12]} 11. Qe3 {[%emt 0:01:52]} f5 {[%emt 0:03:58]} 12. Bd3 {[%emt 0:03:40]} f4 {[%emt 0:01:51]} 13. Qd2 {[%emt 0:00:39]} Nec6 {[%emt 0:02:35]} 14. O-O-O {[%emt 0:02:00]} Ne5 {[%emt 0:02:04]} 15. Be2 {[%emt 0:02:31]} Nac6 {[%emt 0:05:28]} 16. Kb1 {[%emt 0:05:19]} Na5 {[%emt 0:09:00]} 17. Qd4 {[%emt 0:04:54]} Nec6 {[%emt 0:05:41]} 18. Qc5 {[%emt 0:03:18]} Nxb3 {[%emt 0:02:39]} 19. axb3 {[%emt 0:00:13]} b6 {[%emt 0:01:02]} 20. Qd6 {[%emt 0:01:13]} Na5 {[%emt 0:02:55]} 21. b4 {[%emt 0:01:52]} Nb7 {[%emt 0:00:11]} 22. Qd4 {[%emt 0:01:25]} a5 {[%emt 0:02:06]} 23. Na4 {[%emt 0:01:57]} axb4 {[%emt 0:07:38]} 24. Nxb6 {[%emt 0:00:14]} Ra6 {[%emt 0:02:47]} 25. c5 {[%emt 0:02:40]} Ra5 {[%emt 0:02:10]} 26. c6 {[%emt 0:01:20]} Nc5 {[%emt 0:00:49]} 27. Qxb4 {[%emt 0:01:00]} Nxe4 {[%emt 0:04:56]} 28. Nxc8 {[%emt 0:03:29]} d5 {[%emt 0:04:10]} 29. Ne7+ {[%emt 0:02:08]} Kf7 {[%emt 0:00:35]} 30. Qxe4 {[%emt 0:06:42]} Qxe7 {[%emt 0:01:44]} 31. Qxh7 {[%emt 0:01:22]} Qf6 {[%emt 0:01:11]} 32. Bh5+ {[%emt 0:04:26]} Ke7 {[%emt 0:00:36]} 33. Qg6 {[%emt 0:00:21]} Qe5 {[%emt 0:09:58]} 34. Rhe1 {[%emt 0:02:19]} Qf5+ {[%emt 0:04:23]} 35. Qxf5 {[%emt 0:00:17]} Rxf5 {[%emt 0:01:21]} 36. Bg4 {[%emt 0:00:36]} Rg5 {[%emt 0:00:09]} 37. Bxe6 {[%emt 0:00:58]} Kd6 {[%emt 0:00:11]} 38. Rc1 {[%emt 0:02:08]} Kc7 {[%emt 0:00:37]} 39. Bh3 {[%emt 0:00:26]} Ra8 {[%emt 0:08:24]} 40. Re7+ {[%emt 0:01:02]} 1-0

[Event "Nordic Chess-ch 2019"]
[Site "Sarpsborg"]
[Date "2019.06.22"]
[Round "3.37"]
[White "Larsen, Bjorn"]
[Black "Kirppo, Ronny"]
[Result "1/2-1/2"]
[WhiteElo "1680"]
[BlackElo "1910"]
[Annotator "NA"]
[PlyCount "58"]
[EventDate "2019.06.21"]
[EventType "swiss"]
[EventCountry "NOR"]
[SourceTitle "playchess.com"]
[Source "ChessBase"]
[SourceQuality "1"]
[TimeControl "40/5400+30:1800+30"]

1. e4 {[%emt 0:00:17]} c5 {[%emt 0:00:00]} 2. Nf3 {[%emt 0:00:25]} Nc6 {[%emt 0:00:00]} 3. d4 {[%emt 0:00:06]} cxd4 {[%emt 0:00:00]} 4. Nxd4 {[%emt 0:00:14]} Nf6 {[%emt 0:00:00]} 5. Nc3 {[%emt 0:00:09]} d6 {[%emt 0:00:05]} 6. Be2 {[%emt 0:00:52]} g6 {[%emt 0:01:19]} 7. Be3 {[%emt 0:00:47]} Bg7 {[%emt 0:00:08]} 8. O-O {[%emt 0:01:41]} O-O {[%emt 0:00:13]} 9. Qd2 {[%emt 0:01:18]} Bd7 {[%emt 0:08:35]} 10. Rfd1 {[%emt 0:02:49]} a6 {[%emt 0:05:38]} 11. a4 {[%emt 0:00:08]} Rc8 {[%emt 0:01:08]} 12. f3 {[%emt 0:08:30]} Nxd4 {[%emt 0:23:14]} 13. Bxd4 {[%emt 0:02:00]} Be6 {[%emt 0:00:06]} 14. Qe3 {[%emt 0:17:14]} Nd7 {[%emt 0:03:50]} 15. Bxg7 {[%emt 0:01:15]} Kxg7 {[%emt 0:00:02]} 16. Rd2 {[%emt 0:06:05]} Qc7 {[%emt 0:08:54]} 17. Nd5 {[%emt 0:03:15]} Bxd5 {[%emt 0:00:16]} 18. exd5 {[%emt 0:01:22]} Nf6 {[%emt 0:00:21]} 19. c4 {[%emt 0:01:04]} a5 {[%emt 0:07:14]} 20. b3 {[%emt 0:03:37]} Rfd8 {[%emt 0:01:39]} 21. Re1 {[%emt 0:01:36]} Qc5 {[%emt 0:01:05]} 22. Qxc5 {[%emt 0:01:03]} dxc5 {[%emt 0:00:46]} 23. Rb2 {[%emt 0:05:16]} Ne8 {[%emt 0:00:59]} 24. Bd1 {[%emt 0:00:49]} Rc7 {[%emt 0:00:35]} 25. Rbe2 {[%emt 0:00:31]} Kf8 {[%emt 0:00:46]} 26. Bc2 {[%emt 0:01:45]} Nd6 {[%emt 0:04:05]} 27. Kf2 {[%emt 0:01:17]} Re8 {[%emt 0:01:12]} 28. Kg3 {[%emt 0:00:47]} Kg7 {[%emt 0:00:30]} 29. Kf4 {[%emt 0:01:19]} Kf6 {[%emt 0:02:10]} 1/2-1/2